00440cam a22001337a 4500008004000000082001500040100001700055245004700072260004500119300000900164650002800173999001900201952008600220180718b1960 xxu||||| |||| 00| 0 eng d aR7x42 M853 aMarsch, John aPartners in work relationscby John Marsch aLondonbIndustrial Welfare Societyc1960 a42p. aLabour Relations - U.K. c373087d373087 00104070aIIPAbIIPAd1994-06-18oR7x42 M853p35216r2018-07-21w2018-07-21yBK